LEADER 01851nam 2200361Ia 450 001 996387418103316 005 20200824132607.0 035 $a(CKB)4940000000087039 035 $a(EEBO)2248529136 035 $a(OCoLC)ocm52211663e 035 $a(OCoLC)52211663 035 $a(EXLCZ)994940000000087039 100 $a20030509d1653 uy 0 101 0 $aeng 135 $aurbn||||a|bb| 200 13$aAn almanack for the year of our Lord, 1653$b[electronic resource] $eShewing the places of the sun and moon, their conjunctions, aspects and eclipses, their rising, setting, and southing; with the true time of the tides. Calculated for the meridian and horizon of the city of London, having North latitude 51 deg. 32 min. and 24 deg. 20 min. of longitude. Whereunto is added, A brief discourse of the principles of astronomy; shewing the order, motions, and magnitude of the earth and heavens, with all the heavenly bodies therein contained; according to the most sensible and rational demonstrations. Also, new tables of interest, and for purchases of aunuities[sic] or leases. /$fBy Henry Philippes 210 $aLondon $cPrinted by T. Maxey, for the Company of Stationers$d1653 215 $a[112] p 300 $aTitle within ruled border. 300 $a[48] pages of text preceded by, interleaved with, and followed by [74] pages of notations in ms. 300 $aReproduction of the original in the University of Texas, Austin Library. 330 $aeebo-0179 606 $aAlmanacs, English$y17th century 606 $aAstronomy$vEarly works to 1800 615 0$aAlmanacs, English 615 0$aAstronomy 700 $aPhillippes$b Henry$fd. 1677?$01000938 801 0$bEAE 801 1$bEAE 906 $aBOOK 912 $a996387418103316 996 $aAn almanack for the year of our Lord, 1653$92334288 997 $aUNISA LEADER 01451nam a2200385 i 4500 001 991000840079707536 005 20020507174316.0 008 961024s1974 de ||| | fre 020 $a3540068163 035 $ab10764604-39ule_inst 035 $aLE01303125$9ExL 040 $aDip.to Matematica$beng 082 0 $a519.23 084 $aAMS 60-06 084 $aAMS 60G 084 $aAMS 60J 100 1 $aMeyer, Paul André$0350920 245 10$aEcole d'été de probabilités de Saint Flour III-1973 /$cP. A. Meyer, P. Priouret, F. Spitzer ; édité par A. Badrikian et P.-L. Hennequin 260 $aBerlin :$bSpringer-Verlag,$c1974 300 $avii, 189 p. ;$c24 cm 490 0 $aLecture notes in mathematics,$x0075-8434 ;$v390 650 0$aMarkov processes$xCongresses 650 0$aProbability theory$xCongresses 650 0$aStochastic processes$xCongresses 700 1 $aSpitzer, Frank 700 1 $aPriouret, Pierre 700 1 $aBadrikian, Albert 700 1 $aHennequin, Paul Louis 711 2 $aEcole d'été de probabilités de Saint-Flour$n<3. ;$d1973> 907 $a.b10764604$b23-02-17$c28-06-02 912 $a991000840079707536 945 $aLE013 60-XX SFL11 V.III (1974)$g1$i2013000063935$lle013$o-$pE0.00$q-$rl$s- $t0$u1$v0$w1$x0$y.i10860137$z28-06-02 996 $aEcole d'été de probabilités de Saint Flour III-1973$9923416 997 $aUNISALENTO 998 $ale013$b01-01-96$cm$da $e-$ffre$gde $h0$i1